| 000 | 01440cam a22004574i 4500 | ||
|---|---|---|---|
| 003 | PE-LiUPU | ||
| 005 | 20250731173518.0 | ||
| 008 | 150616s r 000 0 d | ||
| 020 | _a0687456010 | ||
| 035 | _a(Sirsi) i9780687456017 | ||
| 040 |
_aPE-LiUPU _bspa _cPE-LiUPU _erda |
||
| 049 | _aPRUA | ||
| 082 | 0 | 4 |
_a230 _bW34 _221 |
| 100 | 1 |
_aWeatherhead, Leslie D., _eautor. |
|
| 245 | 1 | 4 | _aThe Will of god. |
| 264 | 1 |
_aNashville, TN : _bAbingdon Press, _c1972. |
|
| 300 |
_a56 páginas ; _c20 centímetros |
||
| 336 |
_atext _2rdacontent |
||
| 337 |
_aunmediated _2rdamedia |
||
| 338 |
_avolume _2rdacarrier |
||
| 505 | 0 | _aGod's intentional will.- God's circumstantial will.- Discerning the will of god. | |
| 526 | _aSEG42 | ||
| 526 | _aSEG41 | ||
| 526 | _aSEG40 | ||
| 526 | _aSEG39 | ||
| 526 | _aP94 | ||
| 526 | _aP87 | ||
| 526 | _aP86 | ||
| 526 | _aP85 | ||
| 526 | _aP77 | ||
| 526 | _aP76 | ||
| 526 | _aP35 | ||
| 650 | 0 | 4 | _aTEOLOGIA. |
| 910 |
_ajck _bjvq _cjck |
||
| 942 |
_2ddc _cBOOK |
||
| 949 |
_a230 W34 _wDEWEY _c1 _i41814 _lCCODEBUL1 _mBUL _r0 _sY _tBOOK _u2015-6-16 _xTEOLOGIA _zUNKNOWN _0COMPRA _o.STAFF. Colección General |
||
| 994 |
_aC0 _bPEPRU |
||
| 596 | _a1 | ||
| 999 |
_a230 W34 _wDEWEY _c59476 _i41814 _f2021-11-9 _g5 _lCCODEBUL1 _mBUL _r0 _sY _tBOOK _u2015-6-16 _xTEOLOGIA _zUNKNOWN _0COMPRA _o.STAFF. Colección General _d59476 |
||
| 980 |
_81 _gALBERTO SANCHEZ Responsable de Automatización |
||